000 00477nam a2200181Ia 4500
005 20250326142805.0
008 250326s9999 xx 000 0 und d
037 _aTextbook
040 _aFMSL
_beng
_cFMSL
041 _aeng
_2eng
084 _qFMSL
100 _aRamanadham V V
245 0 _aPublic enterprise and the developing world
_cRamanadham V V
260 _aSelect
_bSelect, Book Service
_c1984
300 _a234p
942 _cTB
999 _c1296645
_d1296645